| 000 | 00491cam a2200157u 4500 | ||
|---|---|---|---|
| 082 |
_a629.246 _bPLA _cL-17, P-5 |
||
| 100 | 1 |
_aPlatt, Maurice. _944363 |
|
| 245 | 1 | 0 | _aAutomobile brakes and brake testing; |
| 260 |
_aLondon, _bSir I. Pitman & sons, ltd., _c1938. |
||
| 300 |
_avii, 136 p. _billus., diagrs. _c19 cm. |
||
| 526 |
_a0 _b0 _c0 _d629_246000000000000_PLA |
||
| 650 | 0 |
_aAutomobiles _xEquipment and supplies. _944364 |
|
| 650 | 0 |
_aBrakes. _944365 |
|
| 650 | 0 |
_aMCE _9379 |
|
| 942 |
_2ddc _cBK |
||
| 999 |
_c548177 _d548177 |
||